Получение объемных керамических материалов на основе активированного порошкообразного материала состава TI-N; Современные техника и технологии; Т. 3
| Parent link: | Современные техника и технологии: сборник трудов XX международной научно-практической конференции студентов, аспирантов и молодых ученых, Томск, 14-18 апреля 2014 г./ Национальный исследовательский Томский политехнический университет (ТПУ).— , 2014 Т. 3.— 2014.— [С. 325-326] |
|---|---|
| Hovedforfatter: | |
| Institution som forfatter: | |
| Andre forfattere: | , , |
| Summary: | Заглавие с титульного экрана |
| Sprog: | russisk |
| Udgivet: |
2014
|
| Serier: | Наноматериалы, нанотехнологии и новая энергетика |
| Fag: | |
| Online adgang: | http://earchive.tpu.ru/handle/11683/20975 http://www.lib.tpu.ru/fulltext/c/2014/C01/V3/155.pdf |
| Format: | MixedMaterials Electronisk Book Chapter |
| KOHA link: | https://koha.lib.tpu.ru/cgi-bin/koha/opac-detail.pl?biblionumber=607350 |
MARC
| LEADER | 00000naa2a2200000 4500 | ||
|---|---|---|---|
| 001 | 607350 | ||
| 005 | 20231221105721.0 | ||
| 035 | |a (RuTPU)RU\TPU\conf\4731 | ||
| 035 | |a RU\TPU\conf\4730 | ||
| 090 | |a 607350 | ||
| 100 | |a 20140709d2014 k y0rusy50 ca | ||
| 101 | 0 | |a rus | |
| 102 | |a RU | ||
| 105 | |a y z 101zy | ||
| 135 | |a drcn ---uucaa | ||
| 181 | 0 | |a i | |
| 182 | 0 | |a b | |
| 200 | 1 | |a Получение объемных керамических материалов на основе активированного порошкообразного материала состава TI-N |f А. А. Евдокимов, Д. Ю. Герасимов, А. А. Усиков |g науч. рук. А. А. Сивков | |
| 203 | |a Текст |c электронный | ||
| 225 | 1 | |a Наноматериалы, нанотехнологии и новая энергетика | |
| 300 | |a Заглавие с титульного экрана | ||
| 320 | |a [Библиогр.: с. 326 (4 назв.)] | ||
| 337 | |a Adobe Reader | ||
| 461 | 1 | |0 (RuTPU)RU\TPU\conf\3687 |t Современные техника и технологии |o сборник трудов XX международной научно-практической конференции студентов, аспирантов и молодых ученых, Томск, 14-18 апреля 2014 г. |o в 3 т. |f Национальный исследовательский Томский политехнический университет (ТПУ) |d 2014 | |
| 463 | 0 | |0 (RuTPU)RU\TPU\conf\3691 |t Т. 3 |v [С. 325-326] |d 2014 | |
| 610 | 1 | |a труды учёных ТПУ | |
| 610 | 1 | |a электронный ресурс | |
| 610 | 1 | |a керамические материалы | |
| 610 | 1 | |a порошкообразные материалы | |
| 610 | 1 | |a субмикронные порошки | |
| 610 | 1 | |a ток | |
| 610 | 1 | |a спекание | |
| 700 | 1 | |a Евдокимов |b А. А. |c специалист в области электроэнергетики |c лаборант Томского политехнического университета |f 1987- |g Андрей Анатольевич |3 (RuTPU)RU\TPU\pers\27065 | |
| 701 | 1 | |a Герасимов |b Д. Ю. |c специалист в области электроэнергетики |c доцент Томского политехнического университета, кандидат технических наук |f 1980- |g Дмитрий Юрьевич |3 (RuTPU)RU\TPU\pers\26563 |9 12252 | |
| 701 | 1 | |a Усиков |b А. А. | |
| 702 | 1 | |a Сивков |b А. А. |c специалист в области электроэнергетики |c профессор Томского политехнического университета, доктор технических наук |f 1951- |g Александр Анатольевич |4 727 | |
| 712 | 0 | 2 | |a Национальный исследовательский Томский политехнический университет (ТПУ) |b Энергетический институт (ЭНИН) |b Кафедра электроснабжения промышленных предприятий (ЭПП) |3 (RuTPU)RU\TPU\col\18676 |
| 801 | 2 | |a RU |b 63413507 |c 20210315 |g RCR | |
| 856 | 4 | |u http://earchive.tpu.ru/handle/11683/20975 | |
| 856 | 4 | |u http://www.lib.tpu.ru/fulltext/c/2014/C01/V3/155.pdf | |
| 942 | |c BK | ||